| 000 | 00782nam a2200169 a 4500 | ||
|---|---|---|---|
| 001 | 000029201 | ||
| 005 | 20200930055407.0 | ||
| 008 | 110414s2007 dr 000 0 spa d | ||
| 040 |
_aDO-SdBNP _bspa _cBNPHU |
||
| 082 |
_axxxx _bP438m |
||
| 100 | 1 |
_aPérez, Xiomarita _9458 |
|
| 245 | 1 | 0 |
_aManual : _bimportancia del baile, testimonios, experiencias y vivencias / _cXiomarita Pérez. |
| 260 |
_aSanto Domingo : _bSecretaría de Estado de Cultura _bDirección Nacional de Folklore (DINAFOLK), _c2007. |
||
| 300 |
_a35 p. ; _c19 cm. |
||
| 500 | _aPonencia presentada por Xiomarita Pérez en el Primer Congreso Internacional Música, Identidad y Cultura en el Caribe,realizado del 8-10 de abril de2005 en el Centro León, Santiago de los Caballeros, República Dominicana | ||
| 049 | _aBNPD | ||
| 999 |
_c28693 _d28693 |
||